Регионална библиотека "Любен Каравелов" - Русе

Слънчогледът в България (Запис номер 206314)

MARC детайли
000 -Лидер
Контролно поле с фиксирана дължина 01434nam a2200313 c 4500
003 - Код на организацията, давaща контролен номер
Контролно поле BLK
005 - Дата и час на последна редакция
Контролно поле 20240117114437.0
008 - Елементи от данни с фиксирана дължина
fixed length control field 180411b bul|||||r ||||||| ||bul||
010 ## - Наследен системен номер
LC control number KNG00216063000
040 ## - Източник на каталожния запис
Идентификатор на билиотеката - собственик на записа BLK
041 ## - Код за език
Код за езика на текст/звукозапис или на отделно заглавие Български
Код за езика КДБФ Български
080 ## - УДК
Текстов определител УДК Маслодайни растения - Мак, маслен лен, слънчоглед, рапица, сусам и др.
УДК код - определител по УДК 633.85
УДК - код + определител 633.85
100 1# - Редна дума - Автор
Автор Стоянова, Йорданка
Авторска отговорност първи автор
R(LIN) 272188
139 ## - Редно поле
Редна дума Стоянова, Йорданка
Авторски знак Стоя - С 83
245 10 - Сведения за заглавието
Заглавие Слънчогледът в България
Подзаглавни данни Моногр.
Редно поле (дума) Йорданка Стоянова; отг. ред. Павел Попов.
257 ## - Страна на издаване
Страна на създаване/издаване България
260 ## - Област на издателските данни
Име на издателя, разпространителя и проч. БАН
Година на издаване 1977
Място на издаване, разпространение и проч. София
300 ## - Физическа характеристика
Страници 228 с.
Илюстрации и др. с табл.
Размери/Мащаб 21 см
380 ## - Жанр
Жанр Селско стопанство
500 ## - Общи забележки
Забележка Други авт. : Б. Симеонов, Г. Събев, Д. Петров, Ив. Георгиев, Ив. Димитров, Й. Георгиева-Тодорова, Л. Рангелов, М. Петрова, П. Иванов, П. Палазов, Хр. Контев
700 1# - Други автори (авторска отговорност)
Лично име Попов, Павел
Автороска отговорност (Описва отношението между автора и произведението) отг. ред.
9 (RLIN) 371136
852 ## - Местоположение
Форматна сигнатура Цб 85303
856 4# - Електронен адрес и достъп
Електронен формат pdf - файл
Инструкция (цена за достъп) 0.00
Права за достъп disable
856 4# - Електронен адрес и достъп
Електронен формат pdf - файл
Инструкция (цена за достъп) 0.00
Права за достъп disable
999 ## - СИСТЕМНИ КОНТРОЛНИ НОМЕРА
Koha biblionumber 206314
Koha biblioitemnumber 206314
942 ## - АРТИКУЛИ
Вид на библиотечния материал Книги
Скрит в OPAC Не
Koha issues (borrowed), all copies 3
Периодичен библиозапис Да
944 ## - СЪЗДАВАНЕ И РЕДАКЦИЯ на ЗАПИСА
Създаване/Редакция Създаване
Дата на регистрацията/редакция 13.02.2018
Служител, извършил регистрацията/редакцията 30576
Статус, дата на статуса Цветомила Тодорова
944 ## - СЪЗДАВАНЕ И РЕДАКЦИЯ на ЗАПИСА
Създаване/Редакция Редакция
Дата на регистрацията/редакция 13.02.2018
Служител, извършил регистрацията/редакцията Христина_Везирева
999 ## - СИСТЕМНИ КОНТРОЛНИ НОМЕРА
Koha biblioitemnumber 206314
Наличности
Код за отписване Код за изгубен артикул Източник на класификационната схема Код за повреда Коз за рестрикции Код за отдаване Артикулен № Име на библиотеката - собственик Име на библиотеката, в която се намира в момента Статус (Текущо местоположение) Дата на вписване в системата Местоположение - отдел Цена в лева Инвентарен номер Систематично азбучна сигнатура Баркод Номер на екземпляра Цена в евро Служебна бележка Служебен тип на артикула
  Не е изгубен Universal Decimal Classification Не е повреден само за читалня ползва се в читалня 354891 Регионална библиотека "Любен Каравелов" Русе Регионална библиотека "Любен Каравелов" Русе Хранилище 1977-01-01 Хранилище 1.79 225499 Цб 85303 120000225499 1 0.92 Дост: Dp Вид: Сф N: стар фонд Дата: 01.01.1977 Книги
  Не е изгубен Universal Decimal Classification Не е повреден без рестрикции заемане за дома 354892 Регионална библиотека "Любен Каравелов" Русе Регионална библиотека "Любен Каравелов" Русе Заемна - подръчен фонд 1977-01-01 Заемна - подръчен фонд 1.79 227037 П 633.8/С 45 120000227037 2 0.92 Дост: Pk Вид: Сф N: стар фонд Дата: 01.01.1977 Дата инв: 14.02.2018 Бележки инв: П2018 Книги
Vip Innovations Ltd, Rousse, Bulgaria 2025